| 000 | 00612nam a22002057a 4500 | ||
|---|---|---|---|
| 008 | 130819b xxu||||| |||| 00| 0 eng d | ||
| 020 | _a9-7801-9929-9034 | ||
| 082 |
_221 ed. _a346.07 _bSEA |
||
| 100 | _aSealy, LS | ||
| 245 |
_aCommercial law : _btext, cases, and materials _c LS Sealy and RJA Hooley |
||
| 250 | _a4 ed. | ||
| 260 |
_aUSA : _bOxford _c2009 |
||
| 300 |
_alxxxvii, 1325 P. ; _c24 cm. |
||
| 500 | _aIncludes Index | ||
| 650 | _aCommercial law -- Wales -- Cases | ||
| 650 | _aCommercial law -- England -- Cases | ||
| 650 | _aCommercial law | ||
| 700 | _aHooley, RJA | ||
| 942 |
_2ddc _cBK |
||
| 999 |
_c5489 _d5489 |
||